Handbook of computational and numerical methods in finance (Record no. 200076)

MARC details
000 -LEADER
fixed length control field 00630nam a2200205Ia 4500
008 - FIXED-LENGTH DATA ELEMENTS--GENERAL INFORMATION
fixed length control field 191130s2004##################000#0#eng##
020 ## - INTERNATIONAL STANDARD BOOK NUMBER
ISBN 9780817632199
082 ## - DEWEY DECIMAL CLASSIFICATION NUMBER
Classification number 332.0151 RAC
245 ## - TITLE STATEMENT
Title Handbook of computational and numerical methods in finance
Statement of responsibility, etc Svetlozar T. Rachev, editor
260 ## - PUBLICATION, DISTRIBUTION, ETC. (IMPRINT)
Place of publication Boston
Name of publisher Birkhauser
Year of publication 2004
300 ## - PHYSICAL DESCRIPTION
Number of Pages vi, 435 p. : ill. ; 24 cm
500 ## - GENERAL NOTE
General note Includes bibliographical references
650 ## - SUBJECT ADDED ENTRY--TOPICAL TERM
Topical Term Finance - Mathematical models
700 ## - ADDED ENTRY--PERSONAL NAME
Personal name Rachev, S. T
991 ## -
-- 143116
Holdings
Withdrawn status Lost status Damaged status Not for loan Home library Current library Shelving location Date acquired Full call number Accession Number Price effective from Koha item type
        Anna Centenary Library Anna Centenary Library 4TH FLOOR, A WING 13.10.2020 332.0151 RAC 208734 13.10.2020 English Books

Find us on the map